000 00662nam a2200205 i 4500
001 75299
003 ES-MaACL
005 20250803063052.0
007 t|
008 040923s1977 sp ||||1| spa d
100 1 _aGramsci, Antonio,
_d1891-1937
_9241506
245 1 0 _aDebate sobre los consejos de fábrica /
_cAntonio Gramsci, Amadeo Bordiga ; [traducción, Francisco Fernández Buey].
250 _a[2ª ed.].
260 _aBarcelona :
_bAnagrama,
_c[1977]
300 _a152 p. ;
_c20 cm.
700 1 _aBordiga, Amadeo.
_930412
700 1 _aFernández Buey, Francisco.
_949526
852 _aES-MaACL
_jA-6744
_bR.95673
999 _c75299
_d75299